01089nam a2200265Ia 4500001001100000003000800011006001900019007001500038008004100053040002100094035002100115050002500136100003200161245014300193260004400336300001000380500004100390533015200431650001200583655002900595700004200624710001700666856012500683999001500808ebr5000773CaPaEBRm u cr cn|||||||||870324s2001 vau s 000 0 eng d aCaPaEBRcCaPaEBR a(OCoLC)68063289814aB2766.E6bA23 2001eb1 aKant, Immanuel,d1724-1804.14aThe fundamental principles of the Metaphysic of moralsh[electronic resource] /cby Immanuel Kant ; translated by Thomas Kingsmill Abbott. aBlacksburg, VA :bVirginia Tech,c2001. a51 p. aTranslated from the original German. aElectronic reproduction.bPalo Alto, Calif. :cebrary,d2010.nAvailable via World Wide Web.nAccess may be limited to ebrary affiliated libraries. 0aEthics. 7aElectronic books.2local1 aAbbott, Thomas Kingsmill,d1829-1913.2 aebrary, Inc.40uhttp://site.ebrary.com/lib/rucke/Doc?id=5000773zAn electronic book accessible through the World Wide Web; click to view c2972d2972